Радиационная обстановка Томской области в результате промышленной деятельности человека; Современные техника и технологии; Т. 2

Bibliografiset tiedot
Parent link:Современные техника и технологии: X Юбилейная международная научно-практическая конференция студентов, аспирантов и молодых ученых, посвященная 400-летию г. Томска, Томск, 29 марта - 2 апреля 2004 г./ Томский политехнический университет.— , 2004
Т. 2.— 2004.— С. 234-235
Päätekijä: Абрамов К. В.
Kieli:venäjä
Julkaistu: 2004
Aiheet:
Aineistotyyppi: MixedMaterials Kirjan osa
KOHA link:https://koha.lib.tpu.ru/cgi-bin/koha/opac-detail.pl?biblionumber=183374

MARC

LEADER 00000naa2a2200000 4500
001 183374
005 20251205154730.0
035 |a (RuTPU)RU\TPU\book\198785 
090 |a 183374 
100 |a 20100716d2004 k y0rusy50 ca 
101 0 |a rus 
102 |a RU 
200 1 |a Радиационная обстановка Томской области в результате промышленной деятельности человека  |f К. В. Абрамов 
320 |a Библиогр.: 5 назв. 
461 1 |0 (RuTPU)RU\TPU\book\66154  |t Современные техника и технологии  |o X Юбилейная международная научно-практическая конференция студентов, аспирантов и молодых ученых, посвященная 400-летию г. Томска, Томск, 29 марта - 2 апреля 2004 г.  |o труды  |f Томский политехнический университет  |d 2004 
463 0 |0 (RuTPU)RU\TPU\book\65883  |t Т. 2  |v С. 234-235  |d 2004 
610 1 |a радиоактивное загрязнение 
610 1 |a промышленность 
610 1 |a радиационная обстановка 
610 1 |a Томская область 
610 1 |a приземная атмосфера 
610 1 |a радон 
610 1 |a почва 
610 1 |a донные отложения 
610 1 |a повехностные воды 
610 1 |a питьевая вода 
610 1 |a труды учёных ТПУ 
700 1 |a Абрамов  |b К. В. 
801 1 |a RU  |b 63413507  |c 20100716 
801 2 |a RU  |b 63413507  |c 20150209  |g RCR 
942 |c BK